ბათუმის შოთა რუსთაველის სახელმწიფო უნივერსიტეტის ბიბლიოთეკა

Справочник по технике безапастности противопожарной технике и производственной санитарий. Том 2. (ბიბ.ჩანაწერი № 50707)

000 -LEADER
fixed length control field 00853nam a2200205Ia 4500
001 - CONTROL NUMBER
control field 17658
003 - CONTROL NUMBER IDENTIFIER
control field GE_BSU
008 - FIXED-LENGTH DATA ELEMENTS--GENERAL INFORMATION
fixed length control field 181216s||||||||xx |||||||||||||| ||und||
040 ## - CATALOGING SOURCE
Transcribing agency GE_BSU
080 ## - UNIVERSAL DECIMAL CLASSIFICATION NUMBER
Universal Decimal Classification number 628(035.5)
100 ## - MAIN ENTRY--PERSONAL NAME
Personal name Духанин,Ю.А. осминкин,Я.М. Сидорочкин,С.С. и др.
245 ## - TITLE STATEMENT
Title Справочник по технике безапастности противопожарной технике и производственной санитарий. Том 2.
260 ## - PUBLICATION, DISTRIBUTION, ETC.
Place of publication, distribution, etc. Л.
260 ## - PUBLICATION, DISTRIBUTION, ETC.
Name of publisher, distributor, etc. Судостроение.
260 ## - PUBLICATION, DISTRIBUTION, ETC.
Date of publication, distribution, etc. 1970.
300 ## - PHYSICAL DESCRIPTION
Extent 664 стр. с илл. 23 см.
300 ## - PHYSICAL DESCRIPTION
Accompanying material Табл.
653 ## - INDEX TERM--UNCONTROLLED
Uncontrolled term Справочник по технике безапастности противопожарной технике и производственной санитарий.
942 ## - ADDED ENTRY ELEMENTS (KOHA)
Koha item type წიგნი
ეგზემპლარები
Withdrawn status Lost status Damaged status Not for loan Date acquired Barcode Date last seen Price effective from Koha item type
        2018-12-17 10254 2018-12-17 2018-12-17 წიგნი